Tấm lòng người cha

Сохранить в:
Библиографические подробности
Формат:
Язык:Undetermined
Опубликовано: Tp. HCM Trẻ 2002
Предметы:
Метки: Добавить метку
Нет меток, Требуется 1-ая метка записи!
Thư viện lưu trữ: Trung tâm Học liệu Trường Đại học Cần Thơ
LEADER 00410nam a2200157Ia 4500
001 CTU_54479
008 210402s9999 xx 000 0 und d
020 |b 15500 
082 |a 895.922301 
082 |b T120 
245 0 |a Tấm lòng người cha 
260 |a Tp. HCM 
260 |b Trẻ 
260 |c 2002 
650 |a short stories, vietnamese 
980 |a Trung tâm Học liệu Trường Đại học Cần Thơ